| 000 | 00436nam a2200169Ia 4500 | ||
|---|---|---|---|
| 008 | 221030s9999 xx 000 0 und d | ||
| 020 | _a8186340084 | ||
| 041 | _aEnglish | ||
| 082 |
_a105.23 _bRaf |
||
| 100 | _aM. Raffiquzzaman | ||
| 245 | 0 |
_aModern Computer Architecture _cby M. Raffiquzzaman, R. Chandra |
|
| 260 |
_bGalgotia Pub _aNew Delhi _c1999 |
||
| 300 | _a410 | ||
| 650 | _aBE Computer | ||
| 700 | _aR. Chandra | ||
| 942 | _cBK | ||
| 999 |
_c8640 _d8640 |
||